000 00271pam a2200121 a 4500
020 _c
041 _aeng
100 _aAlbert Denise.
245 _aGreat Tradition In Ethicy
_hTextual Documents
260 _a[s.l]:
_bEurasia Publishing
300 _a362p.
930 _a15541
999 _c92441
_d92441